| 000 | 00820nam a2200265 a 4500 | ||
|---|---|---|---|
| 001 | 61074 | ||
| 003 | BD-RjUL | ||
| 005 | 20211209080922.0 | ||
| 008 | 170115s1996 enka b 001 0 eng | ||
| 020 | _a0387945431 (hardcover : alk. paper) | ||
| 035 | _a(BD-RjUL)61198 | ||
| 040 |
_aDLC _cDLC _dBD-RjUL _beng |
||
| 041 | _aeng | ||
| 082 | 0 | 0 |
_a610.72 _223 _bKIS 1996 |
| 100 | 1 |
_aKleinbaum, David G. _9182256 |
|
| 245 | 1 | 0 |
_aSurvival analysis : _ba self-learning text / _cDavid G. Kleinbaum. |
| 260 |
_aNew York : _bSpringer, _cc1996. |
||
| 300 |
_axii, 324 p. : _bill. ; _c25 cm. |
||
| 490 | 1 | _aStatistics in the health sciences | |
| 500 | _aIncludes index. | ||
| 650 | 0 |
_aSurvival analysis (Biometry) _9182257 |
|
| 830 | 0 |
_aSpringer series in statistics. _9182258 |
|
| 942 |
_2ddc _cBK |
||
| 999 |
_c61074 _d61074 |
||